000 00425nam a2200169Ia 4500
008 241115s9999 xx 000 0 und d
020 _aNA
082 _a621.3192 HAY
100 _aHayt, William H.
245 0 _aEngineering Circuits Analysis
250 _a5th ed.
260 _aNew York:
_bMcGrew Hill,
_c1993
300 _a706p.
600 _aElectrical Engineering
650 _aScience and Technology
942 _cBBD
999 _c24643
_d24643